Gestión de proyectos con project : (Registro nro. 3674)
[ vista simple ]
| 000 -LEADER | |
|---|---|
| fixed length control field | 01038nam a22002657a 4500 |
| 003 - CONTROL NUMBER IDENTIFIER | |
| control field | PE SENCICO BE |
| 005 - DATE AND TIME OF LATEST TRANSACTION | |
| control field | 20251020182621.0 |
| 008 - FIXED-LENGTH DATA ELEMENTS--GENERAL INFORMATION | |
| fixed length control field | 221212b |||||||| |||| 00| 0 eng d |
| 020 ## - INTERNATIONAL STANDARD BOOK NUMBER | |
| International Standard Book Number | 978-612-304-329-2 |
| 040 ## - CATALOGING SOURCE | |
| Original cataloging agency | PE SENCICO BE |
| Transcribing agency | PE SENCICO BE |
| 041 ## - LANGUAGE CODE | |
| Language code of text/sound track or separate title | spa |
| 082 ## - DEWEY DECIMAL CLASSIFICATION NUMBER | |
| Classification number | 658.404 |
| Item number | S18 |
| 100 1# - MAIN ENTRY--PERSONAL NAME | |
| 9 (RLIN) | 223 |
| Personal name | Salazar Castañeda, Francisco Manuel |
| Relator term | autor |
| 245 1# - TITLE STATEMENT | |
| Title | Gestión de proyectos con project : |
| Remainder of title | bajo el enfoque del PMI / |
| Statement of responsibility, etc. | Francisco Manuel Salazar Castañeda |
| 250 ## - EDITION STATEMENT | |
| Edition statement | 1a ed. |
| 260 ## - PUBLICATION, DISTRIBUTION, ETC. | |
| Place of publication, distribution, etc. | Lima: |
| Name of publisher, distributor, etc. | Macro, |
| Date of publication, distribution, etc. | 2016 |
| 300 ## - PHYSICAL DESCRIPTION | |
| Extent | [13], 286 p.: |
| Other physical details | il., diagrs, tabls. ; |
| Dimensions | 25 cm. |
| 500 ## - GENERAL NOTE | |
| General note | En la cubierta: Temario: Integración del equipo de proyecto, innovación en los proyectos, sinergia en el tiempo, implementación del proyecto. |
| 504 ## - BIBLIOGRAPHY, ETC. NOTE | |
| Bibliography, etc. note | Bibliografía: p. [287]. |
| 650 10 - SUBJECT ADDED ENTRY--TOPICAL TERM | |
| Topical term or geographic name entry element | Administración de proyectos |
| 9 (RLIN) | 149 |
| 650 20 - SUBJECT ADDED ENTRY--TOPICAL TERM | |
| Topical term or geographic name entry element | Project (Programa para computadora) |
| 9 (RLIN) | 224 |
| 650 20 - SUBJECT ADDED ENTRY--TOPICAL TERM | |
| Topical term or geographic name entry element | Evaluación de proyectos |
| 9 (RLIN) | 14 |
| 910 ## - USER-OPTION DATA (OCLC) | |
| -- | hfp |
| -- | hfp |
| 942 ## - ADDED ENTRY ELEMENTS (KOHA) | |
| Source of classification or shelving scheme | Dewey Decimal Classification |
| Koha item type | Libros |
| Classification part | 658.404 |
| Item part | S18 |
| Fecha de la última vez que lo usaron | Número de ingreso o de inventario | Pago total | Signatura topográfica completa | Precio efectivo desde | Tipo de documento | Estado perdido | Sistema de clasificación | Estado dañado | No es para préstamo | Retirado | Ubicación permanente | Ubicación actual | Fecha de adquisición |
|---|---|---|---|---|---|---|---|---|---|---|---|---|---|
| 12/12/2022 | 16394 | 658.404/S18 | 12/12/2022 | Libros | Dewey Decimal Classification | Biblioteca Central Lima | Biblioteca Central Lima | 12/12/2022 |